Genesis Rabbah /

Bibliographic Details
Main Author: Neusner, Jacob, 1932-2016
Format: Book
Language:English
Published: Atlanta, Ga. : Scholars Press, [1997]
Series:Neusner, Jacob, 1932-2016. Components of the rabbinic documents ; v. 9.
South Florida academic commentary series ; no. 92-93.
Subjects:

MARC

Tag First Indicator Second Indicator Subfields
LEADER 00000cam a2200000 a 4500
001 in00001403972
005 20170307102350.0
008 980206s1997 gau b 000 0 eng d
010 |z  97009249 //r97 
020 |z 0788503588 (cloth : alk. paper) 
020 |a 078850388X (v. 1 : cloth : alk. paper) 
020 |a 0788503898 (v. 2 : cloth : alk. paper) 
020 |a 0788503901 (v. 3 : cloth : alk. paper) 
020 |a 0788504045 (v. 4 : cloth : alk. paper) 
020 |a 0788504053 (v. 5 : cloth : alk. paper) 
020 |a 0788504061 (v. 6 : cloth : alk. paper) 
035 |a (OCoLC)38368103 
035 |9 AHN0960AM 
040 |a PLT  |c PLT  |d TXA  |d UtOrBLW 
049 |a TXAM 
090 |a BM514  |b .N464 1997 v.9 
100 1 |a Neusner, Jacob,  |d 1932-2016. 
245 1 0 |a Genesis Rabbah /  |c by Jacob Neusner. 
264 1 |a Atlanta, Ga. :  |b Scholars Press,  |c [1997] 
264 4 |c ©1997 
300 |a 6 volumes ;  |c 24 cm. 
336 |a text  |b txt  |2 rdacontent 
337 |a unmediated  |b n  |2 rdamedia 
338 |a volume  |b nc  |2 rdacarrier 
490 1 |a South Florida academic commentary series ;  |v no. 92-94, 101-103 
490 1 |a The components of the rabbinic documents / by Jacob Neusner ;  |v v. 9 
504 |a Includes bibliographical references. 
630 0 0 |a Midrash rabbah.  |p Genesis  |x Criticism, interpretation, etc. 
650 0 |a Halakhic Midrashim  |x History and criticism. 
800 1 |a Neusner, Jacob,  |d 1932-2016.  |t Components of the rabbinic documents ;  |v v. 9. 
830 0 |a South Florida academic commentary series ;  |v no. 92-93. 
948 |a c:bh 
999 |a MARS 
999 f f |s 49eede2e-b17b-3989-a8ff-5279fe800947  |i a106442f-ef4f-30f6-8812-611b46cc5a59  |t 0 
952 f f |p ric  |a Texas A&M University  |b Rellis Campus  |c Joint Library Facility  |d Remote Storage  |t 0  |e BM514 .N464 1997 v.9  |h Library of Congress classification  |i unmediated -- volume  |k pt.1=v.9:pt.1  |m A14823299714 
952 f f |p ric  |a Texas A&M University  |b Rellis Campus  |c Joint Library Facility  |d Remote Storage  |t 0  |e BM514 .N464 1997 v.9  |h Library of Congress classification  |i unmediated -- volume  |k pt.2=v.9:pt.2  |m A14823299667 
998 f f |a BM514 .N464 1997 v.9  |s pt.2=v.9:pt.2  |t 0  |l Remote Storage